[Event "IECG QE.2005.0.00086 email"]
[Site "IECG email"]
[Date "2005.03.02"]
[Round "?"]
[White "Michos, Dionyssios"]
[Black "Wiegel, Christian"]
[Result "1-0"]
[WhiteElo "1252"]
[BlackElo "1300"]
[PlyCount "33"]
[EventDate "2005.03.02"]
[EventType "tourn (corr)"]
[EventRounds "6"]
[SourceTitle "Corr 2008"]
[Source "ChessBase"]
[SourceDate "2008.06.24"]
[SourceVersion "1"]
[SourceVersionDate "2008.06.24"]
[SourceQuality "1"]

1. d4 Nf6 2. c4 g6 3. Nc3 Bg7 4. e4 d6 5. f3 0-0 6. Be3 a6 7. Qd2 b6 8. 0-0-0 c5 9. dxc5 bxc5 10. e5 Ne8 11. exd6 Nxd6 12. Bxc5 Nc6 13. Nd5 Qa5 14. Nxe7+ Kh8 15. Qxa5 Nxa5 16. Bxd6 Nxc4 17. Bxc4 1-0

[Event "IECG CE.2005.0.00082 email"]
[Site "IECG email"]
[Date "2005.02.20"]
[Round "1"]
[White "Boyd, John Michael"]
[Black "Wiegel, Christian"]
[Result "1-0"]
[WhiteElo "1290"]
[BlackElo "1300"]
[PlyCount "53"]
[EventDate "2005.02.20"]
[EventType "tourn (corr)"]
[EventRounds "6"]
[SourceTitle "Corr 2008"]
[Source "ChessBase"]
[SourceDate "2008.06.24"]
[SourceVersion "1"]
[SourceVersionDate "2008.06.24"]
[SourceQuality "1"]

1. d4 Nf6 2. c4 g6 3. Nc3 Bg7 4. e4 d6 5. Bd3 0-0 6. Nge2 Nc6 7. f3 e5 8. d5 Nd4 9. Be3 Nh5 10. Qd2 c5 11. h4 Qe7 12. 0-0-0 f5 13. Bg5 Bf6 14. exf5 Bxg5 15. hxg5 Bxf5 16. Bxf5 Rxf5 17. g4 Nxf3 18. Qe3 Qxg5 19. Qxg5 Rxg5 20. gxh5 Rxh5 21. Rxh5 gxh5 22. Rf1 Rf8 23. Ne4 h4 24. Nxd6 h3 25. Nxb7 h2 26. Rd1 Rf7 27. Nxc5 1-0

[Event "IECG CE.2005.0.00082 email"]
[Site "IECG email"]
[Date "2005.02.20"]
[Round "1"]
[White "Wiegel, Christian"]
[Black "Wurm, Tamas"]
[Result "1-0"]
[WhiteElo "1300"]
[BlackElo "1245"]
[PlyCount "33"]
[EventDate "2005.02.20"]
[EventType "tourn (corr)"]
[EventRounds "6"]
[SourceTitle "Corr 2008"]
[Source "ChessBase"]
[SourceDate "2008.06.24"]
[SourceVersion "1"]
[SourceVersionDate "2008.06.24"]
[SourceQuality "1"]

1. e4 c6 2. d4 d5 3. e5 Bf5 4. c3 e6 5. Be3 f6 6. f4 Nd7 7. Nf3 c5 8. Bb5 c4 9. Nh4 Bxb1 10. Rxb1 fxe5 11. Qh5+ g6 12. Nxg6 hxg6 13. Qxh8 exf4 14. Qxg8 fxe3 15. 0-0 Qe7 16. Qxg6+ Kd8 17. Rf7 1-0

[Event "IECG QE.2004.0.00079 email"]
[Site "IECG email"]
[Date "2004.11.01"]
[Round "?"]
[White "MacNair, Adrian"]
[Black "Wiegel, Christian"]
[Result "0-1"]
[WhiteElo "1353"]
[BlackElo "1300"]
[PlyCount "54"]
[EventDate "2004.11.01"]
[EventType "tourn (corr)"]
[EventRounds "6"]
[SourceTitle "Corr 2008"]
[Source "ChessBase"]
[SourceDate "2008.06.24"]
[SourceVersion "1"]
[SourceVersionDate "2008.06.24"]
[SourceQuality "1"]

1. e4 d5 2. e5 c5 3. c3 Nc6 4. Nf3 Bg4 5. Bb5 Qb6 6. Na3 e6 7. h3 Bxf3 8. Qxf3 Nge7 9. 0-0 a6 10. Bxc6+ Nxc6 11. Qe3 Be7 12. Nc2 0-0 13. d4 Rac8 14. Rd1 Qc7 15. Qg3 cxd4 16. Bh6 Qxe5 17. Bf4 Qf5 18. Nxd4 Nxd4 19. cxd4 Rc2 20. b3 Rfc8 21. Re1 Bf6 22. Be5 h5 23. f4 R8c3 24. Re3 h4 25. Qe1 Bxe5 26. fxe5 Qg5 27. Re2 Rc1 0-1